Hỏi gì đáp nấy
Nội dung sách giúp ta giải đáp nhừng câu hỏi thường gặp trong cuộc sống hằng ngày như: Biện pháp khắc phục khi bị mất ngủ? Cách chữa bệnh tàn nhan? Những trường hợp nào thì trẻ em không được tiêm chủng văcxin phòng bệnh? ......
保存先:
| 第一著者: | |
|---|---|
| フォーマット: | 図書 |
| 言語: | Undetermined |
| 出版事項: |
Thành phố Hồ Chí Minh
Trẻ
2006
|
| 主題: | |
| タグ: |
タグ追加
タグなし, このレコードへの初めてのタグを付けませんか!
|
| Thư viện lưu trữ: | Trung tâm Học liệu Trường Đại học Cần Thơ |
|---|
| LEADER | 00885nam a2200205Ia 4500 | ||
|---|---|---|---|
| 001 | CTU_112485 | ||
| 008 | 210402s9999 xx 000 0 und d | ||
| 020 | |c 13000 | ||
| 082 | |a 500 | ||
| 082 | |b D513/T.12 | ||
| 100 | |a Nguyễn, Lân Dũng | ||
| 245 | 0 | |a Hỏi gì đáp nấy | |
| 245 | 0 | |c Nguyễn Lân Dũng | |
| 260 | |a Thành phố Hồ Chí Minh | ||
| 260 | |b Trẻ | ||
| 260 | |c 2006 | ||
| 520 | |a Nội dung sách giúp ta giải đáp nhừng câu hỏi thường gặp trong cuộc sống hằng ngày như: Biện pháp khắc phục khi bị mất ngủ? Cách chữa bệnh tàn nhan? Những trường hợp nào thì trẻ em không được tiêm chủng văcxin phòng bệnh? ... | ||
| 650 | |a Science,Knowledge | ||
| 904 | |i Minh | ||
| 980 | |a Trung tâm Học liệu Trường Đại học Cần Thơ | ||